banner-ar

الانقلاب العثمانى (Record no. 55567)

MARC details
000 -الفاتح
حقل البيانات ثابتة الطول 00342nam a2200121Ia 4500
008 - عناصر البيانات ثابتة الطول - معلومات عامة
حقل البيانات ثابتة الطول 140319s9999 xx 000 0 ara d
040 ## - مصدر الفهرسة
وكالة الفهرسة الأصلية GCL /
وكالة النسخ GCL
082 04 - رقم تصنيف ديوى العشرى
رقم التصنيف 813.0873
رقم المادة ج ر
245 10 - بيان العنوان
العنوان الانقلاب العثمانى
490 ## - بيان السلسلة
عنوان السلسلة روايات الجيل الرومانسية
رقم المجلد/ التعيين التسلسلي 0
260 ## - PUBLICATION, DISTRIBUTION, ETC. (IMPRINT)
-- [S.N] :
-- دار الجيل
Holdings
حالة التراجع حالة الفقد حالة تلف ليس للاعارة المكان المؤقت الموقع الحالى تاريخ الاكتساب اجمالي اﻻعارات رقم الطلب الباركود تاريخ اخر مشاهدة تاريخ تفعيل السعر نوع وعاء كوها
        مكتبة القاهرة الكبرى مكتبة القاهرة الكبرى 03/26/2014   813.0873\ج ر 133443 03/26/2014 03/26/2014 كتاب

Powered By

EGPV